| 000 | 00487nam a22001697a 4500 | ||
|---|---|---|---|
| 005 | 20250423153143.0 | ||
| 008 | 250423b |||||||| |||| 00| 0 eng d | ||
| 050 |
_aKD1480 _b.T635 |
||
| 100 | _aWilson, Sarah | ||
| 245 | _aTodd and Wilson Textbook on Trusts | ||
| 250 | _a9th ed. | ||
| 260 |
_aNew York: _bOxford University Press. _cc2009 |
||
| 300 |
_axxxvii, 534pp _c24cm |
||
| 500 | _aIncludes Table of cases, Table of statues, index | ||
| 650 | _2Law of Equity | ||
| 942 |
_2lcc _cBK _n0 |
||
| 999 |
_c5513 _d5513 |
||